Agribusiness Management Theory and Practice (Record no. 3871)

MARC details
000 -LEADER
fixed length control field 00402nam a22001457a 4500
008 - FIXED-LENGTH DATA ELEMENTS--GENERAL INFORMATION
fixed length control field 250617b |||||||| |||| 00| 0 eng d
020 ## - INTERNATIONAL STANDARD BOOK NUMBER
ISBN 9788195759026
100 ## - MAIN ENTRY--AUTHOR
Author Kumar, Bhupendra
245 ## - TITLE STATEMENT
Title Agribusiness Management Theory and Practice
260 ## - PUBLICATION, DISTRIBUTION, ETC. (IMPRINT)
Place of publication New Delhi
Name of publisher Pinakin Publishing
Date of publication 2023
300 ## - COLLATION
Pagination 285p
650 ## - TRACINGS
Main Subject Agriculture -Economic Aspects
942 ## - ADDED ENTRY ELEMENTS (KOHA)
Item type Books
050 ## - LIBRARY OF CONGRESS CALL NUMBER
Classification number HD 1433
Item number .K 86
Holdings
Source of classification or shelving scheme Not for loan Permanent location Current location Date acquired Accession No. Full call number Barcode. Koha item type
Library of Congress Classification   Samuel Ogbemudia Main Library, University of Abuja Samuel Ogbemudia Main Library, University of Abuja 06/17/2025 2024/62064 HD 1433 .K 86 2025-2553 Books
Library of Congress Classification   Samuel Ogbemudia Main Library, University of Abuja Samuel Ogbemudia Main Library, University of Abuja 06/17/2025 2024/62064 HD 1433 .K 86 2025-2554 Books